| 000 | 00964nas a2200313 4500 | ||
|---|---|---|---|
| 001 | BR2014000507 | ||
| 003 | BR-BrBNA | ||
| 005 | 20231205123630.0 | ||
| 007 | ta | ||
| 008 | 230509b bl.|||p| |||| 00| 00por d | ||
| 040 |
_aBR-BrBNA _bpor _cBiblioteca Nacional de Agricultura |
||
| 041 | _a(Pt) | ||
| 072 | _aF60; F01 | ||
| 100 | 1 | _aDelgado-Rojas, J.S. | |
| 100 | 1 | _aRighi, C.A. | |
| 100 | 1 | _aKarasawa, S. | |
| 100 | 1 | _aAngelocci, L.R. | |
| 100 | 1 | _aBernardes, M.S. | |
| 100 | 1 | _aFolegatti, M.V. | |
| 245 | 1 | _aDesempenho do método de dissipação térmica na medida do fluxo de seiva em seringueira | |
| 650 | _aEVAPOTRANSPIRAÇÃO | ||
| 650 | _aTEMPERATURA | ||
| 650 | _aHEVEA SP | ||
| 650 | _aCAULE | ||
| 773 | 0 |
_tEngenharia Agrícola (Brazil) _xISSN 0100-6916 _g(Sep-Dec 2006), v. 26(3) p. 722-729 _wBR2014000507 |
|
| 856 | 4 | 0 | _uhttp://www.scielo.br/pdf/eagri/v26n3/08.pdf |
| 909 |
_a202311 _bLúcia _c55 _dLúcia Elande |
||
| 942 |
_2AGRIS _n0 _cANA |
||
| 999 |
_c234892 _d234892 |
||